| 000 | 01306cac a22003495a 4500 | ||
|---|---|---|---|
| 008 | 081105r2008 n a|||| |||| 001 0 eng d | ||
| 010 | _a2006047146 | ||
| 020 | _a0071285814 | ||
| 020 | _a9780071285810 | ||
| 040 |
_beng _dEG-ScBUE |
||
| 082 | 0 | 4 |
_a003 _bWHI _222 |
| 100 | 1 |
_aWhitten, Jeffrey L. _9828 |
|
| 245 | 1 | 0 |
_aIntroduction to Systems Analysis and Design / _cJeffrey L. Whitten, Lonnie D. Bentley ; with contributions by Gary Randolf ,Shana Darden. |
| 250 | _a1st ed., international student ed. | ||
| 260 |
_aNew York: _bMcGraw Hill/ Irwin / The McGraw-Hill Companies, Inc., _cc.2008. |
||
| 300 |
_axv, 609 p. : _bill. (some col.) ; _c29 cm. |
||
| 500 | _aGlossary : p. 585-609. | ||
| 500 | _aIndex : p. 585-609. | ||
| 504 | _aIncludes bibliographical references. | ||
| 590 | _aDoha Ragab Reviewed by : Wessam | ||
| 650 | 0 |
_aSystem design. _2BUEsh |
|
| 650 | 0 |
_aSystem analysis. _2BUEsh |
|
| 650 | 0 |
_aInformation technology. _2BUEsh |
|
| 651 | _2BUEsh | ||
| 653 | _bCOMSCI | ||
| 655 |
_vreading book _934232 |
||
| 700 | 1 |
_aBentley, Lonnie D. _eauthor. |
|
| 700 | 1 |
_aRandolf, Gary _econtributer. |
|
| 700 | 1 |
_aDarden, Shana . _econtributer. |
|
| 856 | 4 | 2 |
_3Table of contents only _uhttp://www.loc.gov/catdir/enhancements/fy0703/2006047146-t.html |
| 942 |
_cBB _k003 WHI _2ddc |
||
| 999 |
_c8222 _d8222 |
||